Keep inversment simple & stupid:KISS : how to inverst like an idiot & trade like a pro
| Format: | Book |
|---|---|
| Published: |
Kuala Lumpur :
Kanyin Publication ,
2014
|
| Subjects: |
MARC
| LEADER | 00000cam a2200000 7i4500 | ||
|---|---|---|---|
| 001 | 0000004085 | ||
| 005 | 20160419.0 | ||
| 020 | 0 | 0 | |a 9789833789726 |
| 090 | 0 | 0 | |a 332.6453015193 |b INV |
| 245 | 0 | 0 | |a Keep inversment simple & stupid:KISS : |b how to inverst like an idiot & trade like a pro |c Jonathan Quek & Benny Lee |
| 260 | 0 | 0 | |a Kuala Lumpur : |b Kanyin Publication , |c 2014 |
| 300 | |a 244 pages ; |c 21cm. | ||
| 650 | 0 | 0 | |a Investment |
| 650 | 0 | 0 | |a Options (finance) |
| 998 | |a JPSM | ||
| 999 | |a 007944 |b Monograph |c Open Shelf |e Default branch | ||